Justicia de género en el poder judicial de costa rica: un análisis de política pública /
El artículo examina la situación de la justicia de género en el poder judicial de Costa Rica y analiza las políticas públicas implementadas para abordar las desigualdades de género en dicho ámbito. El estudio se enfoca en identificar y evaluar las políticas y medidas adoptadas para promover la igual...
Zapisane w:
| 1. autor: | |
|---|---|
| Format: | Książka |
| Język: | Spanish |
| Wydane: |
San José, Costa Rica
Editorial UCR
2019
|
| Hasła przedmiotowe: | |
| Etykiety: |
Dodaj etykietę
Nie ma etykietki, Dołącz pierwszą etykiete!
|
MARC
| LEADER | 00000nam a22000007a 4500 | ||
|---|---|---|---|
| 003 | cru CIDCACS/IIS | ||
| 005 | 20230905151750.0 | ||
| 007 | ta | ||
| 008 | 220721s2019 cr |||||r|||| 00| 0 spa d | ||
| 040 | |c cru CIDCACS/IIS | ||
| 100 | 1 | |9 7534 |a Bermúdez Castillo, Andrea |e Autora | |
| 245 | 1 | |a Justicia de género en el poder judicial de costa rica: |b un análisis de política pública / |c Andrea Bermúdez Castillo | |
| 260 | |a San José, Costa Rica |b Editorial UCR |c 2019 | ||
| 300 | |a páginas 135-154 : |b tablas | ||
| 500 | |a Colección Centroamérica | ||
| 520 | |a El artículo examina la situación de la justicia de género en el poder judicial de Costa Rica y analiza las políticas públicas implementadas para abordar las desigualdades de género en dicho ámbito. El estudio se enfoca en identificar y evaluar las políticas y medidas adoptadas para promover la igualdad de género en la administración de justicia. Se analiza la composición de género de los cargos judiciales, la existencia de mecanismos de acceso a la justicia para mujeres y la implementación de programas de capacitación en perspectiva de género para el personal judicial. El análisis revela la necesidad de fortalecer las políticas y acciones dirigidas a garantizar la igualdad de género en el poder judicial, así como mejorar la sensibilización y la formación en materia de género para los funcionarios judiciales. RAR | ||
| 650 | 0 | |2 OCDE |9 5440 |a JUSTICIA | |
| 650 | 0 | |2 OCDE |9 3784 |a POLITICAS PUBLICAS | |
| 650 | 0 | |2 OCDE |9 3755 |a PODER JUDICIAL | |
| 650 | 0 | |2 OCDE |9 77 |a DESIGUALDAD SOCIAL | |
| 650 | 0 | |2 OCDE |9 4611 |a IGUALDAD DE GENERO | |
| 650 | 0 | |2 OCDE |9 524 |a ADMINISTRACION DE JUSTICIA | |
| 650 | 0 | |2 OCDE |9 10177 |a DERECHO A LA JUSTICIA | |
| 650 | 0 | |2 OCDE |9 292 |a CAPACITACION | |
| 650 | 0 | |2 UNESCO |9 402 |a PERSPECTIVA DE GENERO | |
| 650 | 0 | |2 OCDE |9 8591 |a FUNCIONARIOS | |
| 773 | 0 | |0 18728 |9 7616 |a Universidad de Costa Rica. |d San José, Costa Rica Editorial UCR 1959- |o 23625 |t Revista de Ciencias Sociales/ |x 04825276 | |
| 942 | |2 ddc |c PP | ||
| 999 | |c 44402 |d 44402 | ||
| 773 | 0 | |0 18728 |9 7618 |a Universidad de Costa Rica. |d San José, Costa Rica Editorial UCR 1959- |o 23627 |t Revista de Ciencias Sociales/ |x 04825276 | |
